Egon Schiele 1890-1918: pantomimas del deseo visiones de la muerte.

محفوظ في:
التفاصيل البيبلوغرافية
المؤلف الرئيسي: Fischer, Wolfgang Georg
التنسيق: كتاب
اللغة:الإسبانية
منشور في: Colonia, Alemania Benedikt Taschen 1995
الموضوعات:
الوسوم: إضافة وسم
لا توجد وسوم, كن أول من يضع وسما على هذه التسجيلة!

MARC

LEADER 00000nam a2200000 a 4500
001 UCS1916
003 CL-VaPUC
005 20250312110812.0
008 970516e19950000GW |||||||||||||||||spa|d
999 |c 259929  |d 259927 
040 |c Pontificia Universidad Católica de Valparaíso 
082 0 4 |a 759.36 FIS 1995  |2 21 
100 0 |a Fischer, Wolfgang Georg  |9 386808 
245 1 0 |a Egon Schiele 1890-1918: pantomimas del deseo visiones de la muerte. 
260 0 3 |a Colonia, Alemania  |b Benedikt Taschen  |c 1995 
300 |a 199 páginas. 
583 |a last modification  |c 20170406 01:56:31  |k Rodrigo Vera 
600 0 7 |a SCHIELE, EGON  |2 CL-VaPUC  |9 386809 
650 0 |a Pintura moderna  |9 265600 
650 0 |a Vida y obra  |9 311871 
650 0 |a Color   |9 265507 
650 7 |a FORMA  |2 CL-VaPUC  |9 347943 
650 0 |a Acuarelas  |9 372676 
650 0 |a Retratos  |9 313437 
650 0 |a Realismo  |9 259117 
650 0 |a Abstracción  |9 344698 
942 |c BK  |2 ddc 
945 |d 19970516 00:00:00  |a amoreno 
952 |0 0  |1 0  |2 ddc  |4 0  |6 759_360000000000000_FIS_1995  |7 0  |8 R  |9 285461  |a BIBART  |b BIBART  |d 2019-11-19  |i 3305880  |l 12  |m 1  |o 759.36 FIS 1995  |p 3305880  |r 2025-04-10  |s 2025-04-03  |t 1  |w 2019-11-19  |y BK_R  |k ART